|
|
|
|
| LEADER |
01135nam a2200265 a 4500 |
| 001 |
2138853 |
| 008 |
091229s1997 ii b 101 0 eng d |
| 010 |
|
|
|a 97904549
|
| 020 |
|
|
|a 8125903410
|
| 040 |
|
|
|a DLC
|c DLC
|d BD-DhAAL
|
| 082 |
0 |
0 |
|a 305.42/095
|2 21
|
| 245 |
0 |
0 |
|a Women in Asia :
|b work, culture, and politics in South and Central Asia /
|c edited by Ranabir Samaddar.
|
| 260 |
|
|
|a New Delhi :
|b Vikas Pub. House,
|c 1997.
|
| 300 |
|
|
|a xvi, 177 p. ;
|c 23 cm.
|
| 520 |
|
|
|a Contributed papers of a seminar.
|
| 504 |
|
|
|a Includes bibliographical references (p. [164]-172) and index.
|
| 541 |
1 |
|
|e 00012629
|
| 650 |
|
0 |
|a Women
|z Asia
|x Social conditions
|x Cross-cultural studies.
|
| 650 |
|
0 |
|a Women
|z Asia
|x Economic conditions
|x Cross-cultural studies.
|
| 650 |
|
0 |
|a Women
|x Government policy
|z Asia.
|
| 700 |
1 |
|
|a Samāddāra, Raṇabīra.
|
| 852 |
4 |
|
|a Ayesha Abed Library
|j General Shelf.
|
| 942 |
0 |
0 |
|0 1
|
| 999 |
|
|
|c 6496
|d 6496
|
| 952 |
|
|
|0 0
|1 0
|2 ddc
|4 0
|6 305_420950000000000_WOM
|7 0
|9 6591
|a BRACUL
|b BRACUL
|c GEN
|d 2009-12-30
|g 0.00
|l 2
|o 305.42095 WOM
|p 3010012629
|r 2015-11-11
|s 2015-10-28
|t 1
|w 2009-12-30
|y BK
|x No price found in the accession register.
|